MARC

LEADER 00000nam0a2200000 4500
001 678200
005 20250117092352.0
090 |a 678200 
100 |a 20250117d1979 k||y0rusy50 ca 
101 0 |a rus 
102 |a UA 
105 |a a z 001yy 
181 0 |a i   |b  e  
182 0 |a n 
183 0 |a nc  |2 RDAcarrier 
200 1 |a Свойства пород и устойчивость горных выработок  |e монография  |f Б. М. Усаченко  |g Институт геотехнической механики АН Украинской ССР 
203 |a Текст  |b визуальный  |c непосредственный 
210 |a Киев  |c Наукова думка  |d 1979 
215 |a 136 с.  |c ил. 
283 |a volume  |2 RDAcarrier 
320 |a Список литературы: с. 126-133 
606 1 |a Горные породы  |x Реологические свойства  |x Определение  |9 35457 
606 |a Горные выработки  |x Устойчивость  |9 35330 
610 1 |a горное давление 
610 1 |a проявление 
610 1 |a шахтные инструментальные исследования 
610 1 |a контур 
610 1 |a перемещение 
610 1 |a расчет 
610 1 |a аналитический метод 
610 1 |a монографии 
675 |a 622.02  |v 4 
675 |a 622.833  |v 4 
700 1 |a Усаченко  |b Б. М.  |g Борис Миронович 
712 0 2 |a Академия наук Украинской ССР  |b Институт геотехнической механики  |4 570  |9 25156 
801 0 |a RU  |b 63413507  |c 20250117 
830 |a Ретро2025Каталогизация Шило 
850 |a 63413507 
942 |c BK